| 000 | 00422nam a22001337a 4500 | ||
|---|---|---|---|
| 040 | _cNUST | ||
| 082 | _a891.439,SID | ||
| 100 |
_aSidra Mehmood _9110106 |
||
| 245 |
_aBaton ki barish mein bheegta khwab /باتوں کی بارش میں بھیگتے خواب (Urdu) / _cSidra Mehmood |
||
| 260 |
_aRawalpindi _bRomeel House Of Pub _c2017 |
||
| 300 | _a128 p.; | ||
| 650 | _aUrdu Literature | ||
| 942 |
_2ddc _cBK _k891.439,SID |
||
| 999 |
_c593618 _d593618 |
||